[Event "Krefelder SK Turm 2 - SK Holsterhausen "]
[Site "NRW-Klasse - Gruppe 3 2021/20"]
[Date "2022.01.23"]
[Round "4.2"]
[White "Reuter, Julian-Frank"]
[Black "Walbaum, Klaus"]
[Result "0-1"]
[WhiteElo "1896"]
[BlackElo "2119"]
[PlyCount "92"]
[EventDate "2022.??.??"]
[SourceVersionDate "2020.03.16"]
[WhiteTeam "Krefelder SK Turm 2"]
[BlackTeam "SK Holsterhausen 1"]

1. Nf3 c5 2. b3 e6 3. c4 Nf6 4. Bb2 Be7 5. g3 O-O 6. Bg2 Nc6 7. O-O Qc7 8. d4
cxd4 9. Nxd4 a6 10. Nc3 Rd8 11. Rc1 Ne5 12. h3 d6 13. Kh2 Qb6 14. e4 Bd7 15.
Qd2 Nc6 16. Nc2 Rac8 17. Ne3 Qa5 18. Rfd1 Bf8 19. Na4 Qxd2 20. Rxd2 Be8 21.
Rcd1 b5 22. Nc3 Rb8 23. f4 Rdc8 24. Ne2 h6 25. cxb5 axb5 26. Ba3 b4 27. Bb2 Na5
28. Rc1 Rxc1 29. Nxc1 Bc6 30. e5 dxe5 31. Bxe5 Ra8 32. Bd6 Ne4 33. Bxe4 Bxe4
34. Bxf8 Kxf8 35. Rd4 f5 36. Rxb4 Rd8 37. g4 Rd2+ 38. Kg3 g5 39. gxf5 exf5 40.
Rb5 Nc6 41. a4 gxf4+ 42. Kxf4 Rf2+ 43. Kg3 Rf3+ 44. Kh4 Rxe3 45. a5 Nd4 46. Rb6
Kg7 0-1

[Event "Krefelder SK Turm 2 - SK Holsterhausen "]
[Site "NRW-Klasse - Gruppe 3 2021/20"]
[Date "2022.01.23"]
[Round "4.3"]
[White "Schwalen, Peter"]
[Black "van Ael, Bert"]
[Result "1-0"]
[WhiteElo "2004"]
[BlackElo "1922"]
[PlyCount "121"]
[EventDate "2022.??.??"]
[SourceVersionDate "2020.03.16"]
[WhiteTeam "SK Holsterhausen 1"]
[BlackTeam "Krefelder SK Turm 2"]

1. e4 e6 2. d4 d5 3. Nd2 c5 4. c3 cxd4 5. cxd4 Nc6 6. Ngf3 Nf6 7. Bd3 Bb4 8. e5
Ne4 9. O-O Nxd2 10. Bxd2 Bxd2 11. Qxd2 Bd7 12. Rac1 h6 13. Rc3 Rc8 14. Rfc1 O-O
15. b4 Qb6 16. a3 a5 17. b5 Ne7 18. Rc5 Qa7 19. Rc7 Rxc7 20. Rxc7 Rd8 21. a4
Qb6 22. Rc5 Kf8 23. h3 Rc8 24. Qc3 Qd8 25. Qa3 b6 26. Rxc8 Qxc8 27. Qd6 Qb7 28.
g4 Ke8 29. g5 hxg5 30. Nxg5 Nc8 31. Qa3 Qc7 32. Nh7 Ne7 33. Kg2 Kd8 34. h4 Be8
35. Nf8 Kc8 36. h5 Kb7 37. Qd6 Nc8 38. Qxc7+ Kxc7 39. Kg3 Kd8 40. h6 gxh6 41.
Nh7 Ne7 42. Nf6 Ng6 43. f4 Ne7 44. Kg4 Bd7 45. Kh5 Ng6 46. Kg4 Ne7 47. Kg3 Kc7
48. Ng4 Ng8 49. Bh7 Ne7 50. Nxh6 Be8 51. Kg4 Kd8 52. Bd3 Ng6 53. Kg5 Ke7 54. f5
exf5 55. Nxf5+ Kd8 56. Ne3 Nf8 57. Nxd5 Ne6+ 58. Kf6 Nxd4 59. Nxb6 Ne6 60. Nc4
Nc5 61. Bc2 1-0

[Event "Krefelder SK Turm 2 - SK Holsterhausen "]
[Site "NRW-Klasse - Gruppe 3 2021/20"]
[Date "2022.01.23"]
[Round "4.4"]
[White "Komans, Dieter"]
[Black "Kortenbusch, Christoph"]
[Result "0-1"]
[WhiteElo "1989"]
[BlackElo "2053"]
[PlyCount "56"]
[EventDate "2022.??.??"]
[SourceVersionDate "2020.03.16"]
[WhiteTeam "Krefelder SK Turm 2"]
[BlackTeam "SK Holsterhausen 1"]

1. e4 c5 2. Nf3 d6 3. Bb5+ Bd7 4. Bxd7+ Qxd7 5. O-O Nc6 6. c3 Nf6 7. Re1 e6 8.
d4 cxd4 9. cxd4 d5 10. exd5 Nxd5 11. Nc3 Be7 12. Bg5 O-O 13. Bxe7 Ndxe7 14. Re4
Rad8 15. Qd3 Ng6 16. Qb5 Nce7 17. Qh5 Nd5 18. Ne5 Nxe5 19. dxe5 Nxc3 20. bxc3
Qd2 21. Re3 Rd5 22. h4 Rc8 23. Qg5 h6 24. Qe7 Rxc3 25. Qe8+ Kh7 26. Qxf7 Rxe3
27. fxe3 Qxe3+ 28. Kh1 Rd4 0-1

[Event "Krefelder SK Turm 2 - SK Holsterhausen "]
[Site "NRW-Klasse - Gruppe 3 2021/20"]
[Date "2022.01.23"]
[Round "4.5"]
[White "Bobzin, Pierre"]
[Black "Panjer, Sydney"]
[Result "0-1"]
[WhiteElo "2078"]
[BlackElo "1929"]
[PlyCount "58"]
[EventDate "2022.??.??"]
[SourceVersionDate "2020.03.16"]
[WhiteTeam "SK Holsterhausen 1"]
[BlackTeam "Krefelder SK Turm 2"]

1. Nf3 d5 2. g3 Nf6 3. Bg2 g6 4. O-O Bg7 5. d3 O-O 6. Nbd2 e6 7. e4 c5 8. Re1
Nc6 9. c3 a5 10. a4 b6 11. exd5 exd5 12. Qb3 Bf5 13. Ne5 Nxe5 14. Rxe5 Re8 15.
Rxe8+ Qxe8 16. Nf3 Qe2 17. Be3 Ng4 18. Qxd5 Re8 19. Re1 Qxb2 20. Ng5 Rxe3 21.
Qxf7+ Kh8 22. Rf1 Re1 23. Ne4 Rxf1+ 24. Bxf1 h6 25. h3 Ne5 26. Qe7 Bxe4 27.
dxe4 Qxc3 28. h4 h5 29. Qe6 Qd4 0-1

[Event "Krefelder SK Turm 2 - SK Holsterhausen "]
[Site "NRW-Klasse - Gruppe 3 2021/20"]
[Date "2022.01.23"]
[Round "4.6"]
[White "Schneiderwind, Ralf"]
[Black "Lindenmaier, Reinhard"]
[Result "0-1"]
[WhiteElo "1863"]
[BlackElo "2006"]
[PlyCount "44"]
[EventDate "2022.??.??"]
[SourceVersionDate "2020.03.16"]
[WhiteTeam "Krefelder SK Turm 2"]
[BlackTeam "SK Holsterhausen 1"]

1. e4 Nf6 2. e5 Nd5 3. c4 Nb6 4. d4 d6 5. f4 dxe5 6. fxe5 Nc6 7. Be3 Bf5 8. a3
e6 9. Nf3 Be7 10. Be2 O-O 11. O-O f6 12. Nbd2 fxe5 13. dxe5 Nd7 14. Bf4 Ndxe5
15. Qb3 Nd3 16. Bxc7 Qxc7 17. Bxd3 Rad8 18. Ne4 Ne5 19. Nxe5 Qxe5 20. Qxb7 Bc5+
21. Nxc5 Qxc5+ 22. Kh1 Bxd3 0-1

[Event "Krefelder SK Turm 2 - SK Holsterhausen "]
[Site "NRW-Klasse - Gruppe 3 2021/20"]
[Date "2022.01.23"]
[Round "4.7"]
[White "Sicars, Thorsten"]
[Black "Arning, Peter"]
[Result "1-0"]
[WhiteElo "1970"]
[BlackElo "1839"]
[PlyCount "109"]
[EventDate "2022.??.??"]
[SourceVersionDate "2020.03.16"]
[WhiteTeam "SK Holsterhausen 1"]
[BlackTeam "Krefelder SK Turm 2"]

1. c4 g6 2. e4 Bg7 3. d4 d6 4. Nc3 e5 5. Nf3 Bg4 6. dxe5 Bxf3 7. Qxf3 dxe5 8.
Be3 Nd7 9. Qd1 Ngf6 10. Be2 c6 11. O-O Qe7 12. Qc2 O-O 13. Rfd1 Rfd8 14. Rd2
Nc5 15. Rad1 Rxd2 16. Rxd2 Ne6 17. Qd1 b6 18. Qa4 Qc7 19. b4 Nd7 20. Bg4 Nd4
21. Bxd7 Qxd7 22. Qd1 Qe6 23. Qf1 h5 24. h3 Rc8 25. Qd3 Qe7 26. Qb1 Qe6 27. Qd3
Qe7 28. Rb2 Rd8 29. Qb1 Qe6 30. Qf1 Qd6 31. Qd1 a5 32. a3 Qe7 33. Na4 axb4 34.
axb4 b5 35. cxb5 Nxb5 36. Qb3 Nd4 37. Qc4 Qa7 38. Ra2 Ra8 39. Nc3 Qb7 40. Ra5
Rb8 41. Ra4 Ra8 42. Ra5 Rb8 43. Na2 Ra8 44. Nc1 Rb8 45. Nd3 Nb5 46. Qc5 Rd8 47.
Nxe5 Rd1+ 48. Kh2 Qb8 49. f4 Bxe5 50. fxe5 Qe8 51. Ra6 Nc7 52. Rxc6 Ne6 53. Rc8
Nd8 54. Bg5 Kh7 55. Bf6 1-0

[Event "Krefelder SK Turm 2 - SK Holsterhausen "]
[Site "NRW-Klasse - Gruppe 3 2021/20"]
[Date "2022.01.23"]
[Round "4.8"]
[White "von der Weyden, Louis"]
[Black "Westendorp, Christian"]
[Result "1-0"]
[WhiteElo "1625"]
[BlackElo "1779"]
[PlyCount "83"]
[EventDate "2022.??.??"]
[SourceVersionDate "2020.03.16"]
[WhiteTeam "Krefelder SK Turm 2"]
[BlackTeam "SK Holsterhausen 1"]

1. c4 Nf6 2. Nc3 g6 3. e4 d6 4. g3 Bg7 5. Bg2 O-O 6. Nge2 e5 7. O-O Be6 8. d3
c6 9. h3 d5 10. cxd5 cxd5 11. f4 dxe4 12. dxe4 Qb6+ 13. Kh2 Rd8 14. Qe1 Nc6 15.
f5 gxf5 16. exf5 Bc4 17. b3 Bd3 18. Na4 Qc7 19. Nc5 e4 20. Bf4 Qe7 21. Nxd3
exd3 22. Ng1 Qd7 23. Rd1 Nh5 24. Bg5 Be5 25. Bh4 Qd6 26. Qe3 Kh8 27. Qf3 Nf6
28. Rf2 Rd7 29. Rfd2 Nb4 30. a3 Qd4 31. Bxf6+ Bxf6 32. axb4 Qe5 33. Rxd3 Rc7
34. Rd7 Rc3 35. R1d3 Rc1 36. Rxf7 Qe1 37. Ne2 Rc2 38. Qh5 Bg7 39. Rxg7 Kxg7 40.
Rd7+ Kf6 41. Qh6+ Ke5 42. Qe6# 1-0

[Event "Ratinger SK 1 - SK Turm Kleve 1"]
[Site "NRW-Klasse - Gruppe 3 2021/20"]
[Date "2022.01.23"]
[Round "4.1"]
[White "Albers, Sasa"]
[Black "Brosig, Boris"]
[Result "0-1"]
[WhiteElo "2098"]
[BlackElo "2204"]
[PlyCount "72"]
[EventDate "2022.??.??"]
[SourceVersionDate "2020.03.16"]
[WhiteTeam "SK Turm Kleve 1"]
[BlackTeam "Ratinger SK 1"]

1. e4 c5 2. Nf3 e6 3. c3 Nf6 4. e5 Nd5 5. d4 cxd4 6. cxd4 b6 7. a3 Ba6 8. Bxa6
Nxa6 9. Nbd2 Be7 10. Ne4 Nac7 11. O-O O-O 12. Bg5 f6 13. exf6 Nxf6 14. Nc3 Nfd5
15. Be3 Rc8 16. Qd3 Nxc3 17. bxc3 Nd5 18. Bd2 Qc7 19. Ne5 Bf6 20. Rae1 Bxe5 21.
Rxe5 Nxc3 22. Rh5 g6 23. Rh6 Rf7 24. h4 Qc4 25. Qh3 Ne2+ 26. Kh2 Nf4 27. Bxf4
Qxf1 28. Be3 Qd3 29. h5 Qf5 30. g4 Qf3 31. Qh4 g5 32. Qxg5+ Rg7 33. Rf6 Rxg5
34. Rxf3 Rxg4 35. Kh3 Rg7 36. h6 Rg6 0-1

[Event "Ratinger SK 1 - SK Turm Kleve 1"]
[Site "NRW-Klasse - Gruppe 3 2021/20"]
[Date "2022.01.23"]
[Round "4.2"]
[White "Gatterer, Matthias"]
[Black "Shakhverdian, William"]
[Result "0-1"]
[WhiteElo "1982"]
[BlackElo "2040"]
[PlyCount "118"]
[EventDate "2022.??.??"]
[SourceVersionDate "2020.03.16"]
[WhiteTeam "Ratinger SK 1"]
[BlackTeam "SK Turm Kleve 1"]

1. d4 d5 2. Nf3 Nf6 3. c4 e6 4. Nc3 a6 5. cxd5 exd5 6. Bg5 Be6 7. e3 Nbd7 8.
Bd3 Bd6 9. O-O c6 10. Rc1 Bg4 11. Bh4 Qb8 12. Bg3 O-O 13. Be2 Re8 14. Nd2 Bxe2
15. Qxe2 Nb6 16. Qd3 Bxg3 17. hxg3 Nc8 18. e4 dxe4 19. Ndxe4 Nxe4 20. Nxe4 Nd6
21. Rfe1 Nxe4 22. Rxe4 Rxe4 23. Qxe4 Qe8 24. Qf3 Rd8 25. Qb3 Rd7 26. Rd1 Qe6
27. Qxe6 fxe6 28. Re1 Rxd4 29. Rxe6 Rd1+ 30. Kh2 Rd2 31. b4 Kf7 32. Re4 Rxa2
33. Rd4 Ke7 34. Re4+ Kd6 35. Rg4 g6 36. Rh4 h5 37. g4 Rxf2 38. gxh5 gxh5 39.
Rxh5 Rf4 40. Rh6+ Kd5 41. Rh5+ Kd6 42. Rh6+ Ke5 43. Rh5+ Kf6 44. Kh3 Rxb4 45.
g4 Rb5 46. Rh8 a5 47. Kh4 a4 48. Ra8 Rb4 49. Kh5 b5 50. g5+ Ke5 51. g6 Rb1 52.
Re8+ Kd4 53. g7 Rg1 54. g8=Q Rxg8 55. Rxg8 a3 56. Ra8 b4 57. Kg5 Kc3 58. Kf4
Kb2 59. Ke4 a2 0-1

[Event "Ratinger SK 1 - SK Turm Kleve 1"]
[Site "NRW-Klasse - Gruppe 3 2021/20"]
[Date "2022.01.23"]
[Round "4.3"]
[White "Verfuerth, Kevin"]
[Black "Katz, Rafael"]
[Result "1-0"]
[WhiteElo "2021"]
[BlackElo "1958"]
[Annotator "daniel"]
[PlyCount "123"]
[EventDate "2022.??.??"]
[SourceVersionDate "2020.03.16"]
[WhiteTeam "SK Turm Kleve 1"]
[BlackTeam "Ratinger SK 1"]

1. c4 Nf6 2. Nc3 d5 3. cxd5 Nxd5 4. Nf3 Nxc3 5. bxc3 g6 6. e4 Bg7 7. d4 c5 8.
Be3 O-O 9. Be2 Nc6 10. O-O Qa5 11. Qb3 cxd4 12. cxd4 Bg4 $11 13. Rad1 Qb4 14.
Qxb4 Nxb4 15. Rd2 Nc6 16. Rb1 Na5 17. Rc1 Rfc8 18. Rdc2 Rxc2 19. Rxc2 Rc8 20.
Rxc8+ Bxc8 21. d5 b6 22. Nd4 Bxd4 23. Bxd4 Kf8 24. Be5 Nb7 25. Bb8 Nc5 26. Bxa7
Nxe4 27. Bxb6 Bb7 28. Bf3 Nd2 29. Be2 Ne4 30. Bd4 Bxd5 31. a4 Ke8 32. Bf3 Kd7
33. a5 Kc8 34. a6 Kb8 35. a7+ Kb7 36. Bxe4 Bxe4 37. f3 Bd5 38. Kf2 Kc7 39. Bc5
e6 40. Ke3 Bb7 41. Kd4 Kc6 42. Bf8 Kb6 43. Ke5 Kxa7 44. Kf6 e5 45. Kxf7 e4 46.
f4 Kb6 47. Bb4 Kb5 48. Be1 e3 49. g4 Bc8 50. h3 h5 51. Kxg6 hxg4 52. h4 Kc4 53.
f5 Kd3 54. f6 Be6 55. h5 Ke2 56. h6 Kxe1 57. h7 e2 58. h8=Q g3 59. Qh4 Kf2 60.
Qf4+ Kg2 61. Qe3 Kf1 62. Qf3+ 1-0

[Event "Ratinger SK 1 - SK Turm Kleve 1"]
[Site "NRW-Klasse - Gruppe 3 2021/20"]
[Date "2022.01.23"]
[Round "4.4"]
[White "Springer, Ralf"]
[Black "Wiegersma, Justus"]
[Result "1/2-1/2"]
[WhiteElo "2079"]
[BlackElo "2052"]
[PlyCount "39"]
[EventDate "2022.??.??"]
[SourceVersionDate "2020.03.16"]
[WhiteTeam "Ratinger SK 1"]
[BlackTeam "SK Turm Kleve 1"]

1. e4 b6 2. d4 Bb7 3. Nc3 e6 4. Nf3 Bb4 5. Bd3 Nf6 6. Bg5 h6 7. Bxf6 Qxf6 8.
O-O Nc6 9. e5 Qd8 10. Ne4 d5 11. Ng3 h5 12. c3 Be7 13. Nd2 g6 14. Ne2 Bg5 15.
Qc2 Ne7 16. b4 Nf5 17. Ng3 h4 18. Nxf5 gxf5 19. f4 Be7 20. Kh1 1/2-1/2

[Event "Ratinger SK 1 - SK Turm Kleve 1"]
[Site "NRW-Klasse - Gruppe 3 2021/20"]
[Date "2022.01.23"]
[Round "4.5"]
[White "Krebbers, Wilfried"]
[Black "Pradel, Leonard"]
[Result "1/2-1/2"]
[WhiteElo "1971"]
[BlackElo "1772"]
[PlyCount "56"]
[EventDate "2022.??.??"]
[SourceVersionDate "2020.03.16"]
[WhiteTeam "SK Turm Kleve 1"]
[BlackTeam "Ratinger SK 1"]

1. b4 d5 2. Bb2 Nf6 3. e3 Bf5 4. c4 e6 5. b5 c5 6. Nf3 Bd6 7. Be2 O-O 8. Nh4
Bg6 9. Nxg6 hxg6 10. O-O Nbd7 11. cxd5 exd5 12. a4 Bc7 13. f4 c4 14. Rf3 Re8
15. Rh3 Qe7 16. Bf3 Nc5 17. Nc3 Nd3 18. Ba3 Qe6 19. Be2 d4 20. exd4 Nxf4 21.
Re3 Nxe2+ 22. Qxe2 Qg4 23. Qxg4 Bxh2+ 24. Kxh2 Nxg4+ 25. Kg1 Nxe3 26. dxe3 Rxe3
27. Bb4 Rae8 28. d5 Rd3 1/2-1/2

[Event "Ratinger SK 1 - SK Turm Kleve 1"]
[Site "NRW-Klasse - Gruppe 3 2021/20"]
[Date "2022.01.23"]
[Round "4.6"]
[White "Migdal, Benedikt"]
[Black "Brandt, Thorsten"]
[Result "1/2-1/2"]
[WhiteElo "2004"]
[BlackElo "1974"]
[PlyCount "63"]
[EventDate "2022.??.??"]
[SourceVersionDate "2020.03.16"]
[WhiteTeam "Ratinger SK 1"]
[BlackTeam "SK Turm Kleve 1"]

1. d4 e6 2. e3 Nf6 3. Bd3 c5 4. c3 b6 5. Qf3 Nc6 6. Nd2 Bb7 7. Qg3 Qb8 8. f4 g6
9. Ngf3 d6 10. O-O Bg7 11. f5 exf5 12. e4 fxe4 13. Nxe4 Nxe4 14. Bxe4 cxd4 15.
Bxc6+ Bxc6 16. Qe1+ Kf8 17. Ng5 Bd5 18. Ne6+ Bxe6 19. Qxe6 Qe8 20. Qxd6+ Kg8
21. cxd4 Rd8 22. Qc7 Qd7 23. Qxd7 Rxd7 24. Be3 Bxd4 25. Bxd4 Rxd4 26. Rad1 Rxd1
27. Rxd1 Kg7 28. Rd7 Rc8 29. Rxa7 Rc1+ 30. Kf2 Rc2+ 31. Kf3 Rxb2 32. Rb7
1/2-1/2

[Event "Ratinger SK 1 - SK Turm Kleve 1"]
[Site "NRW-Klasse - Gruppe 3 2021/20"]
[Date "2022.01.23"]
[Round "4.7"]
[White "van Kuijk, Vadim"]
[Black "Cinar, Erdal"]
[Result "1-0"]
[WhiteElo "1887"]
[BlackElo "1826"]
[PlyCount "75"]
[EventDate "2022.??.??"]
[SourceVersionDate "2020.03.16"]
[WhiteTeam "SK Turm Kleve 1"]
[BlackTeam "Ratinger SK 1"]

1. e4 c5 2. Nf3 d6 3. d4 cxd4 4. Nxd4 Nf6 5. Nc3 g6 6. Be3 Bg7 7. f3 Nc6 8. Qd2
Bd7 9. O-O-O h5 10. h4 a6 11. Kb1 Rc8 12. Be2 Ne5 13. f4 Nc4 14. Bxc4 Rxc4 15.
e5 Ng4 16. exd6 exd6 17. Ne4 O-O 18. Nxd6 Nxe3 19. Qxe3 Qc7 20. Nxc4 Qxc4 21.
Rhf1 Bg4 22. Nf3 Bf5 23. Rf2 Be6 24. b3 Qb4 25. Ne5 Bf5 26. Rd4 Qa5 27. Rfd2
Rc8 28. Rd5 Qa3 29. Rd8+ Rxd8 30. Rxd8+ Kh7 31. Nc4 Qb4 32. a3 Qb5 33. Qb6 Qxb6
34. Nxb6 Bf6 35. Rb8 Be4 36. g3 Bd4 37. Nd7 Bf2 38. Nf6+ 1-0

[Event "Ratinger SK 1 - SK Turm Kleve 1"]
[Site "NRW-Klasse - Gruppe 3 2021/20"]
[Date "2022.01.23"]
[Round "4.8"]
[White "Offergeld, Martin"]
[Black "Verfuerth, Thomas"]
[Result "0-1"]
[WhiteElo "1622"]
[BlackElo "1972"]
[Annotator "daniel"]
[PlyCount "62"]
[EventDate "2022.??.??"]
[SourceVersionDate "2020.03.16"]
[WhiteTeam "Ratinger SK 1"]
[BlackTeam "SK Turm Kleve 1"]

1. e4 c5 2. Nf3 d6 3. d4 cxd4 4. Nxd4 Nf6 5. Nc3 g6 6. Be2 Bg7 7. O-O O-O 8.
Be3 Nc6 9. f4 Bd7 10. Qd2 Rc8 11. Rab1 Qa5 12. a3 Nxd4 13. Qxd4 Bc6 14. Qd3 a6
15. f5 Nd7 16. fxg6 hxg6 17. Nd5 Bxd5 18. exd5 Ne5 19. Qb3 b5 20. c3 Qc7 21.
Qc2 $11 Qb7 22. Qd1 Nc4 23. Bf2 Bh6 24. Ra1 Nxb2 25. Qb3 Nc4 26. Rfd1 Bg7 27.
Rac1 Qc7 28. Bxc4 Qxc4 29. Qxc4 Rxc4 30. Rd3 Rfc8 31. Be1 a5 0-1

[Event "Klub Kölner SF 2 - SG Porz 3"]
[Site "NRW-Klasse - Gruppe 3 2021/20"]
[Date "2022.01.23"]
[Round "4.1"]
[White "Gallinnis, Norbert"]
[Black "Maric, Boris"]
[Result "1/2-1/2"]
[WhiteElo "2100"]
[BlackElo "2095"]
[PlyCount "34"]
[EventDate "2022.??.??"]
[SourceVersionDate "2020.03.16"]
[WhiteTeam "SG Porz 3"]
[BlackTeam "Klub Kölner SF 2"]

1. e4 c5 2. Na3 a6 3. g3 b5 4. Bg2 Bb7 5. d3 e6 6. Nf3 d5 7. exd5 Bxd5 8. O-O
Nf6 9. c4 Bc6 10. b3 Be7 11. Qe2 O-O 12. Bb2 Qb6 13. Nc2 bxc4 14. dxc4 Qb7 15.
Rab1 Nbd7 16. Ne3 Ne4 17. Nd2 Bf6 1/2-1/2

[Event "Klub Kölner SF 2 - SG Porz 3"]
[Site "NRW-Klasse - Gruppe 3 2021/20"]
[Date "2022.01.23"]
[Round "4.2"]
[White "Meertens, Martin"]
[Black "Wagenknecht, Uwe"]
[Result "1/2-1/2"]
[WhiteElo "2135"]
[BlackElo "2103"]
[PlyCount "35"]
[EventDate "2022.??.??"]
[SourceVersionDate "2020.03.16"]
[WhiteTeam "Klub Kölner SF 2"]
[BlackTeam "SG Porz 3"]

1. e4 c5 2. Nf3 g6 3. c4 Bg7 4. d4 cxd4 5. Nxd4 Nc6 6. Be3 Nf6 7. Nc3 Qa5 8.
Nb3 Qc7 9. Rc1 O-O 10. Be2 b6 11. O-O Ba6 12. Nd4 Nxd4 13. Bxd4 d6 14. Qd2 Rac8
15. f3 e6 16. Rfd1 Rfd8 17. b3 Bb7 18. Bf1 1/2-1/2

[Event "Klub Kölner SF 2 - SG Porz 3"]
[Site "NRW-Klasse - Gruppe 3 2021/20"]
[Date "2022.01.23"]
[Round "4.3"]
[White "Thalwitzer, David"]
[Black "Raasch, Joerg"]
[Result "1/2-1/2"]
[WhiteElo "2114"]
[BlackElo "2139"]
[PlyCount "84"]
[EventDate "2022.??.??"]
[SourceVersionDate "2020.03.16"]
[WhiteTeam "SG Porz 3"]
[BlackTeam "Klub Kölner SF 2"]

1. e4 e6 2. d4 d5 3. e5 c5 4. c3 Nc6 5. Nf3 Qb6 6. a3 c4 7. Nbd2 Na5 8. g3 Bd7
9. h4 O-O-O 10. Bh3 Kb8 11. O-O h6 12. Kg2 Ne7 13. Nh2 Nc8 14. f4 g6 15. Rf2
Qc7 16. Rb1 Nb6 17. Ndf1 Be7 18. h5 Rdg8 19. hxg6 fxg6 20. Ne3 Qc8 21. Qe1 Nb3
22. Neg4 Nxc1 23. Rxc1 Qd8 24. Re2 Rf8 25. Nf3 g5 26. fxg5 hxg5 27. Rf2 Qe8 28.
Nf6 Qg6 29. Ng1 Kc8 30. Bg4 Kd8 31. Qe3 Rh6 32. Nh3 Qg7 33. Rcf1 Na4 34. Nxg5
Rfh8 35. Bxe6 Rh2+ 36. Kf3 Bxf6 37. exf6 Qxf6+ 38. Qf4 Qxf4+ 39. gxf4 Bxe6 40.
Nxe6+ Ke7 41. Nc5 R8h3+ 42. Kg4 Rh4+ 1/2-1/2

[Event "Klub Kölner SF 2 - SG Porz 3"]
[Site "NRW-Klasse - Gruppe 3 2021/20"]
[Date "2022.01.23"]
[Round "4.4"]
[White "Langner, Jasper"]
[Black "Evers, Leo"]
[Result "1/2-1/2"]
[WhiteElo "1977"]
[BlackElo "2022"]
[PlyCount "51"]
[EventDate "2022.??.??"]
[SourceVersionDate "2020.03.16"]
[WhiteTeam "Klub Kölner SF 2"]
[BlackTeam "SG Porz 3"]

1. d4 Nf6 2. c4 c5 3. d5 b5 4. cxb5 a6 5. bxa6 g6 6. Nc3 Bxa6 7. e4 Bxf1 8.
Kxf1 d6 9. Nf3 Bg7 10. g3 O-O 11. Kg2 Nbd7 12. a4 Ne8 13. h4 h5 14. Qe2 Nc7 15.
Ra3 Qb8 16. Bf4 Qb7 17. Rd1 Rfb8 18. Rd2 Qb4 19. e5 Re8 20. e6 fxe6 21. dxe6
Nf8 22. Ng5 Qb7+ 23. f3 Bxc3 24. bxc3 Qc8 25. Qc4 Nfxe6 26. Qe4 1/2-1/2

[Event "Klub Kölner SF 2 - SG Porz 3"]
[Site "NRW-Klasse - Gruppe 3 2021/20"]
[Date "2022.01.23"]
[Round "4.5"]
[White "Thiemonds, Uli"]
[Black "Pragua, Christoph"]
[Result "1-0"]
[WhiteElo "1993"]
[BlackElo "2022"]
[PlyCount "65"]
[EventDate "2022.??.??"]
[SourceVersionDate "2020.03.16"]
[WhiteTeam "SG Porz 3"]
[BlackTeam "Klub Kölner SF 2"]

1. e4 e5 2. Nf3 Nc6 3. Bb5 a6 4. Bxc6 dxc6 5. O-O Qd6 6. d4 f6 7. Nc3 exd4 8.
Nxd4 c5 9. Nb3 Qxd1 10. Rxd1 Bd6 11. Be3 b6 12. a4 a5 13. Nb5 Bd7 14. Nxd6+
cxd6 15. Rxd6 Rb8 16. Nd2 Ne7 17. Nc4 Nc8 18. Rd2 Be6 19. Bf4 Rb7 20. Ne3 Rd7
21. Rad1 Rxd2 22. Rxd2 Ke7 23. Bc7 Re8 24. f3 g6 25. Kf2 Bf7 26. g4 Be6 27. f4
Bf7 28. Kf3 Be6 29. h4 h5 30. g5 fxg5 31. hxg5 Rf8 32. Be5 Re8 33. f5 1-0

[Event "Klub Kölner SF 2 - SG Porz 3"]
[Site "NRW-Klasse - Gruppe 3 2021/20"]
[Date "2022.01.23"]
[Round "4.6"]
[White "Klemenz, Luca"]
[Black "Paulus, Jeffrey"]
[Result "0-1"]
[WhiteElo "2025"]
[BlackElo "1931"]
[PlyCount "100"]
[EventDate "2022.??.??"]
[SourceVersionDate "2020.03.16"]
[WhiteTeam "Klub Kölner SF 2"]
[BlackTeam "SG Porz 3"]

1. d4 e6 2. c4 Nf6 3. g3 d5 4. Nf3 c6 5. Bg2 b6 6. O-O Be7 7. Qc2 Ba6 8. Nbd2
O-O 9. b3 Nbd7 10. Bb2 Rc8 11. e4 dxe4 12. Nxe4 Nxe4 13. Qxe4 Nf6 14. Qe2 Qc7
15. Rfe1 c5 16. Rad1 cxd4 17. Nxd4 Bb4 18. Rf1 Bb7 19. Nb5 Qe7 20. Bxb7 Qxb7
21. Bxf6 gxf6 22. Rd4 Rfd8 23. Rfd1 Rxd4 24. Rxd4 a6 25. Nd6 Bxd6 26. Rxd6 b5
27. Qg4+ Kf8 28. c5 Rxc5 29. Qb4 Qc8 30. Rxa6 Kg7 31. Rb6 Rf5 32. Qd2 Rd5 33.
Qe2 Qc1+ 34. Kg2 Qc5 35. Ra6 Re5 36. Qf3 Rf5 37. Qg4+ Kf8 38. Ra8+ Ke7 39. f3
Rd5 40. Kh3 Rh5+ 41. Kg2 Qc2+ 42. Kg1 Qd1+ 43. Kg2 Qe2+ 44. Kg1 Qxh2+ 45. Kf1
Qh1+ 46. Kf2 Rh2+ 47. Ke3 Qc1+ 48. Kd3 Rd2+ 49. Ke3 Qc3+ 50. Kf4 Rd4# 0-1

[Event "Klub Kölner SF 2 - SG Porz 3"]
[Site "NRW-Klasse - Gruppe 3 2021/20"]
[Date "2022.01.23"]
[Round "4.7"]
[White "Wegener, Marcus"]
[Black "Goldenstein, Arnd"]
[Result "1-0"]
[WhiteElo "1957"]
[BlackElo "1897"]
[PlyCount "68"]
[EventDate "2022.??.??"]
[SourceVersionDate "2020.03.16"]
[WhiteTeam "SG Porz 3"]
[BlackTeam "Klub Kölner SF 2"]

1. e4 e5 2. Nf3 Nc6 3. Bb5 a6 4. Ba4 Nf6 5. Qe2 Bc5 6. Bxc6 dxc6 7. Nxe5 Qd4 8.
Nd3 Ba7 9. f3 O-O 10. c3 Qd8 11. Nf2 Re8 12. d3 Nd5 13. O-O f5 14. Na3 Qe7 15.
Nc2 Bd7 16. Kh1 Qf7 17. Bd2 Rad8 18. Rae1 c5 19. a3 Ba4 20. Bg5 Nf6 21. Ne3 h6
22. Bxf6 Qxf6 23. Nxf5 c4 24. d4 Bb3 25. Ng4 Qf8 26. Qf2 h5 27. Nge3 c5 28. d5
Bb8 29. Qh4 g6 30. Qg5 Kh7 31. Nh4 Qg8 32. f4 Rxe4 33. f5 Rde8 34. fxg6+ Kg7
1-0

[Event "Klub Kölner SF 2 - SG Porz 3"]
[Site "NRW-Klasse - Gruppe 3 2021/20"]
[Date "2022.01.23"]
[Round "4.8"]
[White "Hendrix, Joachim"]
[Black "Hackbusch, Thomas"]
[Result "1-0"]
[WhiteElo "1936"]
[BlackElo "1839"]
[PlyCount "65"]
[EventDate "2022.??.??"]
[SourceVersionDate "2020.03.16"]
[WhiteTeam "Klub Kölner SF 2"]
[BlackTeam "SG Porz 3"]

1. g3 Nf6 2. Bg2 g6 3. e4 d6 4. d3 Bg7 5. Nf3 c5 6. O-O O-O 7. Re1 Nc6 8. c3
Rb8 9. h3 b5 10. d4 cxd4 11. Nxd4 Nxd4 12. cxd4 Bb7 13. Nd2 Qb6 14. Nb3 a5 15.
d5 Rfc8 16. Be3 Qd8 17. Qd2 Ra8 18. f3 Nd7 19. f4 a4 20. Nd4 Nb6 21. b3 Nd7 22.
Rac1 axb3 23. axb3 Nc5 24. b4 Bxd4 25. Qxd4 Na4 26. f5 Qf8 27. fxg6 hxg6 28. e5
Qg7 29. exd6 Qxd4 30. Bxd4 exd6 31. Rxc8+ Rxc8 32. Re7 Ba8 33. Rd7 1-0

[Event "SG Porz 3 - SF Düsseldorf-Süd 1"]
[Site "NRW-Klasse - Gruppe 3 2021/20"]
[Date "2022.06.12"]
[Round "5.1"]
[White "Kontorovitch, Vladimir"]
[Black "Gallinnis, Norbert"]
[Result "1-0"]
[WhiteElo "2120"]
[BlackElo "2100"]
[PlyCount "71"]
[EventDate "2022.??.??"]
[SourceVersionDate "2020.03.16"]
[WhiteTeam "SF Düsseldorf-Süd 1"]
[BlackTeam "SG Porz 3"]

1. e4 c5 2. Nc3 Nc6 3. g3 g6 4. Bg2 Bg7 5. d3 d6 6. h3 e6 7. f4 Nge7 8. Nf3 O-O
9. O-O Rb8 10. a4 b6 11. Re1 a6 12. Be3 d5 13. Bf2 d4 14. Nb1 e5 15. Nbd2 Qc7
16. fxe5 Nxe5 17. g4 N5c6 18. Nh4 Nb4 19. b3 b5 20. Nf1 Be5 21. Qe2 Bd7 22.
axb5 axb5 23. Nf3 Bf4 24. Bh4 Rfe8 25. Qf2 Nec6 26. Kh1 Qd6 27. Ng5 Bxg5 28.
Bxg5 Kg7 29. Ng3 Ne5 30. Rf1 Rb6 31. Ra7 h6 32. Bc1 Nbc6 33. Rxd7 Qxd7 34. Qf6+
Kh7 35. Bxh6 Rg8 36. Qh4 1-0